Top 5 Musical Acts for Every Decade - Statistics

General Stats
  • This quiz has been taken 116 times
  • The average score is 20 of 35
Answer Stats
Decade Clue Musical Act % Correct
1960s Rock band originating from Liverpool The Beatles
97%
1980s Changed from black to white Michael Jackson
93%
1950s The king of rock Elvis Presley
89%
1990s Lead singer shot himself in his garage Nirvana
80%
2000s Left pop trio "Destiny's Child" Beyonce
78%
1960s One of the best London-based rock and roll bands of all time The Rolling Stones
78%
1970s Pianist who joined Motown at age of 11 Stevie Wonder
77%
1980s Female artist who sings mainstream pop music Madonna
76%
2000s Chris Martin is the lead singer Coldplay
75%
1950s Blind pianist Ray Charles
75%
1980s Law enforcement officers The Police
75%
1960s The greatest guitarist to have ever lived Jimi Hendrix
74%
1960s One of the founders of surf rock The Beach Boys
72%
1950s Died in a plane crash in 1959 Buddy Holly
65%
1970s Acts in the movie "Labyrinth" David Bowie
65%
2010s Famous Toronto-based rapper Drake
65%
1960s Commonly wrote songs with acoustic guitar and harmonica Bob Dylan
64%
1970s Was murdered by his father Marvin Gaye
64%
1970s Very heavy floating aircraft Led Zeppelin
62%
1970s Released one of the most important psychedelic albums of all time Pink Floyd
57%
1990s Had an intense rivalry with 2Pac Biggie Smalls
52%
1990s One of the two artists who fought to be kings of BritPop Oasis
52%
2000s Used to be a drug dealer in Brooklyn Jay-Z
49%
1980s Famously hails from Astbury Park, New Jersey Bruce Springsteen
45%
2010s Names albums after mathematic functions Ed Sheeran
41%
2000s Many album covers feature a bear Kanye West
37%
1980s Recorded odd music videos, one of which including him emerging from a bath Prince
35%
1950s One of history's most influential jazz artists Miles Davis
34%
2000s Rap duet from Atlanta, Georgia OutKast
28%
1990s English band that pioneered electronica rock Radiohead
23%
2010s Performed at halftime of SuperBowl 50 Bruno Mars
22%
2010s Rapper with the nickname "K-Dot" Kendrick Lamar
21%
1950s Pianist known for his soul and rhythm and blues music Little Richard
17%
1990s Famous album cover featuring swimming pool on fire Red Hot Chili Peppers
15%
2010s A tornado flew around his room Frank Ocean
8%
No matching quizzes found
Score Distribution
Percent of People with Each Score
Percentile by Number Answered
Your Score History
You have not taken this quiz